[Event "Titled Tuesday intern op 23rd June"]
[Site "Chess.com INT"]
[Date "2020.06.23"]
[Round "2"]
[White "Sorkin, Igor"]
[Black "Kalogeris, Ioannis"]
[Result "1/2-1/2"]
[WhiteElo "2383"]
[BlackElo "2312"]
[PlyCount "113"]
[EventDate "2020.06.23"]
[EventType "swiss (blitz)"]
[EventRounds "10"]
[EventCountry "USA"]
[SourceTitle "CBM 197 Extra"]
[Source "ChessBase"]
[SourceDate "2020.09.30"]
[SourceVersion "1"]
[SourceVersionDate "2020.09.30"]
[SourceQuality "1"]

1. c4 c5 2. g3 Nc6 3. Bg2 g6 4. Nc3 Bg7 5. e3 e5 6. Nge2 Nge7 7. 0-0 d6 8. a3 0-0 9. Rb1 Be6 10. Nd5 f5 11. d3 Rb8 12. b4 Qd7 13. b5 Nd8 14. Nxe7+ Qxe7 15. Qc2 g5 16. f4 Nf7 17. Nc3 gxf4 18. gxf4 Kh8 19. Nd5 Qh4 20. Qf2 Qxf2+ 21. Rxf2 Bxd5 22. Bxd5 exf4 23. Rxf4 Ne5 24. Rb3 Bh6 25. Bb2 b6 26. h3 Rf6 27. Kf2 Bg7 28. a4 Rh6 29. Kg2 Rf8 30. a5 Ng6 31. Bxg7+ Kxg7 32. Rf2 f4 33. d4 fxe3 34. Rxf8 Kxf8 35. dxc5 e2 36. Kf2 dxc5 37. Rf3+ Ke8 38. Kxe2 bxa5 39. Rf7 Rxh3 40. Rxa7 Nf4+ 41. Kf2 Nxd5 42. cxd5 Rb3 43. Rxa5 Kd7 44. Ra7+ Kd6 45. Rxh7 Rxb5 46. Rh5 Rb4 47. Ke3 Rd4 48. Rg5 Rd1 49. Ke2 Rd4 50. Ke3 Rh4 51. Kd3 c4+ 52. Kc3 Kc5 53. d6+ Kxd6 54. Rf5 Ke6 55. Rc5 Kd6 56. Rxc4 Rxc4+ 57. Kxc4 1/2-1/2

[Event "Titled Tuesday intern op 23rd June"]
[Site "Chess.com INT"]
[Date "2020.06.23"]
[Round "4"]
[White "Sorkin, Igor"]
[Black "Salem, AR Saleh"]
[Result "0-1"]
[WhiteElo "2383"]
[BlackElo "2682"]
[PlyCount "60"]
[EventDate "2020.06.23"]
[EventType "swiss (blitz)"]
[EventRounds "10"]
[EventCountry "USA"]
[SourceTitle "CBM 197 Extra"]
[Source "ChessBase"]
[SourceDate "2020.09.30"]
[SourceVersion "1"]
[SourceVersionDate "2020.09.30"]
[SourceQuality "1"]

1. c4 g6 2. g3 Bg7 3. Bg2 c5 4. Nc3 Nc6 5. e3 Nf6 6. Nge2 0-0 7. 0-0 d6 8. a3 Rb8 9. b4 Bd7 10. Rb1 b6 11. d3 Qc8 12. b5 Na5 13. e4 Bh3 14. Bd2 Bxg2 15. Kxg2 Rd8 16. Nd5 Nxd5 17. exd5 Nb7 18. Bc3 e5 19. f4 f5 20. Qd2 Qc7 21. Rbe1 Rf8 22. Ng1 Rbe8 23. Nf3 Nd8 24. Qb2 Nf7 25. Re2 Re7 26. Rfe1 Rfe8 27. a4 h6 28. a5 bxa5 29. Qa1 a4 30. Qxa4 e4 0-1

[Event "Titled Tuesday intern op 16th June"]
[Site "Chess.com INT"]
[Date "2020.06.16"]
[Round "4"]
[White "Amanov, Zhanibek"]
[Black "Sorkin, Igor"]
[Result "0-1"]
[WhiteElo "2338"]
[BlackElo "2383"]
[PlyCount "118"]
[EventDate "2020.06.16"]
[EventType "swiss (blitz)"]
[EventRounds "10"]
[EventCountry "USA"]
[SourceTitle "EXT 2021"]
[Source "ChessBase"]
[SourceDate "2020.10.23"]
[SourceVersion "1"]
[SourceVersionDate "2020.10.23"]
[SourceQuality "1"]

1. e4 d6 2. d4 Nf6 3. Nc3 e5 4. Nf3 Nbd7 5. Bc4 Be7 6. 0-0 0-0 7. Re1 c6 8. a4 exd4 9. Nxd4 Ne5 10. Ba2 Qa5 11. f4 Ng6 12. h3 Re8 13. Be3 Bf8 14. Qd3 Nd7 15. Bf2 Qb4 16. Qf3 Nc5 17. Reb1 a5 18. h4 Nxh4 19. Qh5 Ng6 20. f5 Ne5 21. Nf3 g6 22. Qg5 Nxf3+ 23. gxf3 d5 24. fxg6 hxg6 25. exd5 Bg7 26. dxc6 Ne6 27. Bxe6 Bxe6 28. c7 Qe7 29. Qxe7 Rxe7 30. Nb5 Rc8 31. Rd1 Rcxc7 32. Nxc7 Rxc7 33. c3 Bf6 34. Bd4 Bxd4+ 35. Rxd4 Bb3 36. Kf2 Kg7 37. Re1 Kf6 38. Re8 Be6 39. Ra8 b6 40. Rd6 Rb7 41. Ra6 b5 42. Rdb6 Rd7 43. Rxb5 Rd2+ 44. Ke3 Rd1 45. Raxa5 Kg7 46. Rb8 Re1+ 47. Kd2 Rf1 48. Ke3 Re1+ 49. Kf2 Rc1 50. Rc5 Rc2+ 51. Ke3 Rc1 52. a5 Ra1 53. Rb6 Bf5 54. a6 Re1+ 55. Kd2 Ra1 56. Rc7 Ra2 57. a7 Be6 58. Rb8 Bd5 59. Ke3 Ra6 0-1

[Event "Titled Tuesday intern op 16th June"]
[Site "Chess.com INT"]
[Date "2020.06.16"]
[Round "5"]
[White "Sorkin, Igor"]
[Black "Skatchkov, Valery"]
[Result "0-1"]
[WhiteElo "2383"]
[BlackElo "2242"]
[PlyCount "90"]
[EventDate "2020.06.16"]
[EventType "swiss (blitz)"]
[EventRounds "10"]
[EventCountry "USA"]
[SourceTitle "EXT 2021"]
[Source "ChessBase"]
[SourceDate "2020.10.23"]
[SourceVersion "1"]
[SourceVersionDate "2020.10.23"]
[SourceQuality "1"]

1. c4 e5 2. g3 Nf6 3. Bg2 d5 4. cxd5 Nxd5 5. Nc3 Nb6 6. Nf3 Nc6 7. 0-0 Be7 8. Rb1 0-0 9. b4 Nxb4 10. Nxe5 c6 11. Nf3 Be6 12. a3 N4d5 13. Nxd5 Bxd5 14. d3 c5 15. Qc2 Bc6 16. Be3 Rc8 17. Rfc1 c4 18. Bxb6 axb6 19. dxc4 Bxa3 20. Rd1 Qe7 21. Nd4 Bc5 22. Nxc6 bxc6 23. e3 Qe6 24. Qe4 Qf6 25. Rd7 Rfe8 26. Qf3 Qe6 27. Rbd1 Qxc4 28. h4 b5 29. h5 h6 30. Qf5 b4 31. Be4 Rxe4 32. Rd8+ Rxd8 33. Rxd8+ Bf8 34. Rxf8+ Kxf8 35. Qc8+ Ke7 36. Qc7+ Kf6 37. Qd8+ Re7 38. Qd6+ Re6 39. Qd8+ Kf5 40. Qf8 Rf6 41. Qxg7 b3 42. Kh2 b2 43. Kh3 Ke6 44. Qh7 Qf1+ 45. Kg4 b1Q 0-1